Capitales de Asia - Estadísticas

Estadísticas generales
  • Esta prueba ha sido intentada 55 veces
    14 desde el último reinicio
  • La puntuación promedio es 37 de 52
Estadísticas de respuestas
País/Territorio Ciudad Capital % Correcto
Jordania Amán
100%
Azerbaiyán Bakú
100%
Siria Damasco
100%
Chipre Nicosia
100%
Japón Tokio
100%
Emiratos Árabes Unidos Abu Dabi
83%
Turquía Ankara
83%
Tailandia Bangkok
83%
Catar Doha
83%
Armenia Ereván
83%
Vietnam Hanói
83%
Pakistán Islamabad
83%
Afganistán Kabul
83%
Maldivas Malé
83%
Filipinas Manila
83%
India Nueva Delhi
83%
China Pekín
83%
Arabia Saudita Riad
83%
Corea del Sur Seúl
83%
Singapur Singapur
83%
Irán Teherán
83%
Georgia Tiflis
83%
Mongolia Ulán Bator
83%
Indonesia Yakarta
83%
Kazajistán Astaná
67%
Irak Bagdad
67%
Brunei Bandar Seri Begawan
67%
Líbano Beirut
67%
Kirguistán Biskek
67%
Bangladés Dacca
67%
Hong Kong Hong Kong
67%
Nepal Katmandú
67%
Malasia Kuala Lumpur
67%
Kuwait Kuwait
67%
Baréin Manama
67%
República Turca del Norte de Chipre Nicosia del Norte
67%
Corea del Norte Pionyang
67%
Sri Lanka Sri Jayawardenepura kotte / Colombo
67%
Taiwán Taipei
67%
Laos Vientián
67%
Turkmenistán Asjabad
50%
Tayikistán Dusambé
50%
Palestina Jerusalén
50%
Macao Macao
50%
Omán Mascate
50%
Myanmar/Birmania Naipyidó
50%
Yemen Saná
50%
Uzbekistán Taskent
50%
Israel Tel Aviv
50%
Bután Timbu
50%
Camboya Phnom Penh
33%
Isla de Navidad Flying Fish Cove
17%
No se encontraron pruebas coincidentes
Distribución de puntuación
Porcentaje de gente con cada puntuación
Porcentaje por número respondido
Historial de tus puntuaciones
No has intentado esta prueba desde el último reinicio